|
|
|
|
| LEADER |
00000cam a22000004a 4500 |
| 001 |
musev2_21045 |
| 003 |
MdBmJHUP |
| 005 |
20230905042239.0 |
| 006 |
m o d |
| 007 |
cr||||||||nn|n |
| 008 |
121105r19841976dcu o 00 0 eng d |
| 020 |
|
|
|a 9780813220673
|
| 020 |
|
|
|z 9780813205946
|
| 035 |
|
|
|a (OCoLC)815970832
|
| 040 |
|
|
|a MdBmJHUP
|c MdBmJHUP
|
| 100 |
1 |
|
|a Larkin, Emmet J.,
|d 1927-
|
| 245 |
1 |
4 |
|a The historical dimensions of Irish Catholicism /
|c Emmet Larkin ; with a new introduction.
|
| 264 |
|
1 |
|a Washington, D.C. :
|b Catholic University of America Press,
|c 1984.
|
| 264 |
|
3 |
|a Baltimore, Md. :
|b Project MUSE,
|c 2013
|
| 264 |
|
4 |
|c ©1984.
|
| 300 |
|
|
|a 1 online resource (145 pages):
|b illustrations
|
| 336 |
|
|
|a text
|b txt
|2 rdacontent
|
| 337 |
|
|
|a computer
|b c
|2 rdamedia
|
| 338 |
|
|
|a online resource
|b cr
|2 rdacarrier
|
| 500 |
|
|
|a Reprint. Originally published: New York : Arno Press, 1976. (Irish-Americans).
|
| 505 |
0 |
|
|a Table of Contents -- Introduction -- Notes -- I. Economic Growth, Capital Invenstment, and the Roman Cathoic Church in Ireland -- Appendices -- Notes -- II. The Devotional Revolution in Ireland, 1850-1875 -- Notes -- III. Church, State, and Nation in Modern Ireland -- Notes -- Index
|
| 546 |
|
|
|a English.
|
| 588 |
|
|
|a Description based on print version record.
|
| 610 |
2 |
7 |
|a Catholic Church.
|2 fast
|0 (OCoLC)fst00531720
|
| 610 |
2 |
0 |
|a Catholic Church.
|
| 651 |
|
7 |
|a Ireland.
|2 fast
|0 (OCoLC)fst01205427
|
| 651 |
|
6 |
|a Irlande
|x Histoire religieuse.
|
| 651 |
|
0 |
|a Ireland
|x Church history.
|
| 650 |
|
7 |
|a HISTORY
|z Europe
|z Ireland.
|2 bisacsh
|
| 650 |
|
7 |
|a RELIGION
|x Christianity
|x Catholic.
|2 bisacsh
|
| 655 |
|
7 |
|a Church history.
|2 fast
|0 (OCoLC)fst01411629
|
| 655 |
|
7 |
|a Electronic books.
|2 local
|
| 710 |
2 |
|
|a Project Muse.
|e distributor
|
| 830 |
|
0 |
|a Book collections on Project MUSE.
|
| 856 |
4 |
0 |
|z Texto completo
|u https://projectmuse.uam.elogim.com/book/21045/
|
| 945 |
|
|
|a Project MUSE - Custom Collection
|
| 945 |
|
|
|a Project MUSE - Archive Complete Supplement
|
| 945 |
|
|
|a Project MUSE - Archive History Supplement
|